Systém podnikového vzdelávania zamestnancov v DELPHI Slovensko, s.r.o. Senica = Company Educational System for Employees in DELPHI Slovensko, s.r.o. Senica : Bakalárska práca

Enregistré dans:
Détails bibliographiques
Auteur principal: Chocholáček, Jaroslav, 1985- (Auteur)
Autres auteurs: Sawicki, Silvester (xxx)
Format: Manuscrit Livre
Langue:slovaque
Publié: Trnava : STU v Bratislave MTF UIPH, 2008
Sujets:
Tags: Ajouter un tag
Pas de tags, Soyez le premier à ajouter un tag!

MARC

LEADER 00000ntm a22000003a 4500
001 stu175429
005 20160719154328.9
008 081105s2008----xo------------------slo-d
040 |a STU  |b slo 
041 0 |a slo 
044 |a xo 
100 1 |a Chocholáček, Jaroslav,  |d 1985-  |4 aut  |X 26307  |7 A000026307 
245 1 |a Systém podnikového vzdelávania zamestnancov v DELPHI Slovensko, s.r.o. Senica = Company Educational System for Employees in DELPHI Slovensko, s.r.o. Senica :  |b Bakalárska práca 
260 |a Trnava :  |b STU v Bratislave MTF UIPH,  |c 2008 
300 |a 49 s  |c príl., 1 CD-ROM 
500 |a Študijný program: personálna práca v priemyselnom podniku 
500 |a Študijný odbor: 5.2.52 priemyselné inžinierstvo 
650 7 |a vzdelávanie zamestnancov  |2 stusub 
700 1 |a Sawicki, Silvester  |4 xxx  |u M310  |U MTF Ústav inžinierskej pedagogiky a humatitných vied  |T MTF Katedra humanitných vied  |U M310  |Y M310 
996 |b 284M069302  |c M*BP-3405  |l MMSKP  |s P  |a 0  |w stu175429_0001